| 000 | 00802nam a2200253 a 4500 | ||
|---|---|---|---|
| 001 | BRL_229 | ||
| 005 | 20190320210638.0 | ||
| 008 | 040313s1985----mx-o######---#000-0#spa-# | ||
| 020 | _a9686670238 | ||
| 041 | _aspa | ||
| 044 | _amx | ||
| 050 | 4 |
_aF1221.T37 _b.B84 1985 |
|
| 100 | 1 |
_aBugarini, Jesús _923298 |
|
| 245 | 1 | 0 |
_aZacán _brenacimiento de una tradición _c[Jesús Bugarini]. |
| 260 |
_aMorelia, Michoacán _bGobierno de Michoacán _c1985 |
||
| 300 |
_avii, 143 p. _bil. _c28 cm. |
||
| 500 | _aAu233 | ||
| 650 | 1 | 4 |
_aTarascos _vObras pictóricas _923299 |
| 650 | 1 | 4 |
_aTarascos _vObras pictóricas _xMúsica _923300 |
| 650 | 1 | 4 |
_aFestivales musicales _vObras pictóricas _zZacán (Michoacán) _923301 |
| 651 | 4 |
_aZacán (Michoacán) _vObras pictóricas _923302 |
|
| 902 | _aGRL | ||
| 942 |
_2lcc _cB |
||
| 999 |
_c9042 _d9042 |
||